00449nam a2200157Ia 4500003000400000008004100004040001600045082001300061100002100074245008900095700002300184260004200207300001000249650001100259650002100270GCL140319s9999 xx 000 0 eng d aGCL / cGCL04a613bB C1 aBAUMGARTNER, TED10aCONDUCTING AND READING RESEARCH IN HEALTH AND HUMAN PERFORMANCE / cBAUMGARTNER, TED1 aSTRONG, CLINTON H. a[S.N] : bBROWN & BENCHMARK ، c1994 a330 P04aHEALTH04aREADING RESEARCH